| 000 | 01564cam a2200397 i 4500 | ||
|---|---|---|---|
| 001 | 17670327 | ||
| 003 | OSt | ||
| 005 | 20260617151227.0 | ||
| 008 | 130322s2013 ilu b 001 0 eng | ||
| 010 | _a 2013000563 | ||
| 020 | _a9781433534041 | ||
| 035 | _a17670327 | ||
| 040 |
_aDLC _beng _cDLC _erda _dDLC |
||
| 042 | _apcc | ||
| 043 | _an-us--- | ||
| 050 | 0 | 0 |
_aBT886.3 _b.R95 2013 |
| 082 | 0 | 0 |
_a236/.9 _223 |
| 100 | 1 |
_aRyken, Philip Graham, _d1966- |
|
| 245 | 1 | 0 |
_aKingdom come! / _cPhil Ryken. |
| 264 | 1 |
_aWheaton, Illinois : _bCrossway, _c[2013] |
|
| 300 |
_a142 pages ; _c18 cm |
||
| 336 |
_atext _2rdacontent |
||
| 337 |
_aunmediated _2rdamedia |
||
| 338 |
_avolume _2rdacarrier |
||
| 504 | _aIncludes bibliographical references and index. | ||
| 505 | 0 | _aKingdom is near -- Mine is the kingdom -- Kingdom come -- Forever kingdom -- Missing the kingdom -- Proclaiming the kingdom -- When the kingdom doesn't come -- When the kingdom comes. | |
| 583 |
_aCataloguing: _c20260617 _kgtanuigtanui |
||
| 650 | 0 |
_aSecond Advent _vSermons. |
|
| 650 | 0 |
_aSermons, American _y21st century. |
|
| 655 | 7 |
_aSermons. _2lcgft _0https://id.loc.gov/authorities/genreForms/gf2015026051 |
|
| 776 | 0 | 8 |
_iOnline version: _aRyken, Philip Graham, 1966- _tKingdom come! _dWheaton : Crossway, 2013 _z9781433534058 _w(DLC) 2013012341 |
| 906 |
_a7 _bcbc _corignew _d1 _eecip _f20 _gy-gencatlg |
||
| 942 |
_2lcc _cBK |
||
| 999 |
_c21707 _d21706 |
||